000 005590000a22001810004500
003 MACL
005 20160410152935.0
008 160410b xxu||||| |||| 00| 0 eng d
040 _aMACL
_cMACL
041 _aHindi
082 _a540
100 _aओझा डी. डी
_950799
245 _aनमक और समुद्री रसायन
260 _aजोधपुर
_bसाइन्टिफिक पब्लिशर्स
_c2010
350 _a225
650 _aरसायन विज्ञान
_951767
942 _cHIN
_k540
_2ddc
999 _c46042
_d46042